000 00203 a2200097 4500
001 3680
100 _aHasan, K S
245 _aChina, India Pakistan
260 _a
_bPak Inst Int
_c
090 _c2940
_d2940
942 _aNUST-CAE
_cM
_c21558
999 _c238753
_d238753